| 000 | 01443cam a2200409 a 4500 | ||
|---|---|---|---|
| 001 | 14872329 | ||
| 003 | OSt | ||
| 005 | 20260513081948.0 | ||
| 008 | 070531s2008 nyua b 000 1 eng | ||
| 010 | _a 2007019461 | ||
| 020 |
_a9780060843502 _qlib. bdg. |
||
| 020 |
_a0060843500 _qlib. bdg. |
||
| 020 |
_a9780060843496 _qtrade bdg. |
||
| 020 |
_a0060843497 _qtrade bdg. |
||
| 035 | _a14872329 | ||
| 040 |
_aDLC _cDLC _dDLC |
||
| 042 | _alcac | ||
| 050 | 0 | 0 |
_aPZ7.P2185 _bAma 2008 |
| 082 | 0 | 0 |
_a[E] _222 |
| 100 | 1 | _aParish, Herman. | |
| 245 | 1 | 0 |
_aAmelia Bedelia and the cat / _cby Herman Parish ; pictures by Lynn Sweat. |
| 250 | _a1st ed. | ||
| 260 |
_aNew York : _bGreenwillow Books, _cc2008. |
||
| 300 |
_a48 p. : _bcol. ill. ; _c24 cm. |
||
| 336 |
_atext _btxt _2rdacontent |
||
| 337 |
_aunmediated _bn _2rdamedia |
||
| 338 |
_avolume _bnc _2rdacarrier |
||
| 520 | _aAmelia Bedelia finds a stray kitten and tries, in her literal-minded way, to take good care of it. | ||
| 650 | 1 |
_aCats _vFiction. |
|
| 650 | 1 | _aHumorous stories. | |
| 655 | 7 |
_aFiction. _2lcgft _0https://id.loc.gov/authorities/genreForms/gf2014026339 |
|
| 700 | 1 |
_aSweat, Lynn, _eill. |
|
| 906 |
_a7 _bcbc _corignew _d1 _eecip _f20 _gy-gencatlg |
||
| 942 |
_2lcc _cBK |
||
| 999 |
_c266280 _d266279 |
||